| 000 | 00618nam a2200217Ia 4500 | ||
|---|---|---|---|
| 001 | 5038 | ||
| 003 | GE_BSU | ||
| 008 | 181216s||||||||xx |||||||||||||| ||und|| | ||
| 040 | _cGE_BSU | ||
| 080 | _a658.5.001+681.3 | ||
| 100 | _aМамиконов,А.Г. | ||
| 245 | _aОсновы построения АСУ. | ||
| 245 | _bУчебник. | ||
| 245 | _cРед. В.И.Петухова. | ||
| 260 | _aМ. | ||
| 260 | _bВысшая школа. | ||
| 260 | _c1981. | ||
| 300 | _a248 стр. с илл. 22 см. Библиогр.: стр.243. | ||
| 653 | _aОсновы построения АСУ. | ||
| 942 | _cBK | ||
| 999 |
_c38725 _d38725 |
||